All Incorporated Municipalities of Caledonia County, Vermont - Statistics

General Stats
  • This quiz has been taken 2 times
  • The average score is 18 of 19
Answer Stats
Answer % Correct
Barnet
100%
Burke
100%
Danville
100%
Groton
100%
Hardwick
100%
Kirby
100%
Lyndon
100%
Newark
100%
Peacham
100%
Ryegate
100%
Saint Johnsbury
100%
Sheffield
100%
Stannard
100%
Sutton
100%
Walden
100%
Waterford
100%
Wheelock
100%
Lyndonville
50%
West Burke
0%
No matching quizzes found
Score Distribution
Percent of People with Each Score
Percentile by Number Answered
Your Score History
You have not taken this quiz